[Event "Titled Tuesday intern op 02nd Apr Late"]
[Site "Chess.com INT"]
[Date "2024.04.02"]
[Round "3"]
[White "Curtis, John"]
[Black "Jimenez Almeida, Luis David"]
[Result "0-1"]
[WhiteElo "2292"]
[BlackElo "2200"]
[PlyCount "66"]
[EventDate "2024.04.02"]
[EventType "swiss (blitz)"]
[EventRounds "11"]
[EventCountry "USA"]
[SourceTitle "CB15_2024"]
[SourceDate "2024.04.10"]
[SourceVersion "1"]
[SourceVersionDate "2024.04.10"]
[SourceQuality "1"]

1. e4 g6 2. d4 Bg7 3. Nf3 d6 4. Bc4 e6 5. Nc3 Nd7 6. a4 a6 7. a5 h6 8. 0-0 Ne7 9. Re1 0-0 10. Bd2 b5 11. axb6 cxb6 12. Qc1 Kh7 13. h4 Bb7 14. Bd3 Nc6 15. Ne2 b5 16. c3 e5 17. h5 g5 18. Ng3 Kh8 19. Nf5 Nb6 20. d5 Ne7 21. Nxe7 Qxe7 22. g4 f5 23. gxf5 Qf7 24. Nh2 Qxh5 25. Be3 Nxd5 26. Be2 Qh4 27. exd5 Bxd5 28. Qd2 Be4 29. f3 Bxf5 30. Bf2 Qh5 31. Bf1 Rf6 32. Bg2 Rg6 33. Qe2 Bh3 0-1

[Event "Titled Tuesday intern op 02nd Apr Late"]
[Site "Chess.com INT"]
[Date "2024.04.02"]
[Round "4"]
[White "Jimenez Almeida, Luis David"]
[Black "Abarca Gonzalez, Nicolas"]
[Result "0-1"]
[WhiteElo "2200"]
[BlackElo "2387"]
[PlyCount "96"]
[EventDate "2024.04.02"]
[EventType "swiss (blitz)"]
[EventRounds "11"]
[EventCountry "USA"]
[SourceTitle "CB15_2024"]
[SourceDate "2024.04.10"]
[SourceVersion "1"]
[SourceVersionDate "2024.04.10"]
[SourceQuality "1"]

1. e4 c5 2. Nc3 a6 3. g3 b5 4. Bg2 Bb7 5. d3 b4 6. Nce2 Nc6 7. Nh3 e6 8. Be3 h5 9. Qd2 h4 10. f4 Nf6 11. e5 Ng4 12. Bg1 d6 13. exd6 Bxd6 14. Ng5 hxg3 15. hxg3 Rxh1 16. Bxh1 Qc7 17. Ne4 0-0-0 18. Nxc5 Bxc5 19. Bxc5 a5 20. 0-0-0 Rh8 21. Bf3 Nf6 22. Rh1 Rxh1+ 23. Bxh1 Ne7 24. Bxb7+ Kxb7 25. Bxe7 Qxe7 26. Qe3 Nd5 27. Qe4 Qc5 28. Kd2 Kb6 29. c4 bxc3+ 30. bxc3 Qa3 31. Qc4 Qb2+ 32. Ke1 Kb7 33. f5 a4 34. fxe6 fxe6 35. Qxa4 Qxe2+ 36. Kxe2 Nxc3+ 37. Ke3 Nxa4 38. Kf4 Kc6 39. Kg5 Nc5 40. d4 Ne4+ 41. Kg6 Nxg3 42. Kxg7 Kd5 43. Kf6 Nf5 44. a4 Nxd4 45. a5 e5 46. a6 Nc6 47. Kf5 e4 48. Kf4 Kd4 0-1

[Event "Titled Tuesday intern op 02nd Apr Late"]
[Site "Chess.com INT"]
[Date "2024.04.02"]
[Round "2"]
[White "Jimenez Almeida, Luis David"]
[Black "Moroni, Luca Jr"]
[Result "0-1"]
[WhiteElo "2200"]
[BlackElo "2580"]
[PlyCount "66"]
[EventDate "2024.04.02"]
[EventType "swiss (blitz)"]
[EventRounds "11"]
[EventCountry "USA"]
[SourceTitle "CB15_2024"]
[SourceDate "2024.04.10"]
[SourceVersion "1"]
[SourceVersionDate "2024.04.10"]
[SourceQuality "1"]

1. e4 g6 2. h4 Bg7 3. h5 d5 4. exd5 Qxd5 5. Nc3 Qe5+ 6. Be2 Bg4 7. d4 Qe6 8. Be3 Bxe2 9. Ngxe2 Qg4 10. Qd3 Nc6 11. h6 Bf6 12. Nd5 0-0-0 13. c4 e6 14. Nxf6 Nxf6 15. 0-0 Ne5 16. f3 Nxd3 17. fxg4 Nxg4 18. Bg5 f6 19. Bxf6 Nxf6 20. Rxf6 Nxb2 21. Rc1 Rhe8 22. Rc3 Rd7 23. g4 c6 24. Kg2 e5 25. d5 cxd5 26. cxd5+ Kb8 27. d6 Red8 28. Re6 Rxd6 29. Rxe5 Nd3 30. Re7 R6d7 31. Re3 a6 32. Ng3 Nb4 33. Ra3 Nc2 0-1

[Event "Titled Tuesday intern op 27th Feb Late"]
[Site "Chess.com INT"]
[Date "2024.02.27"]
[Round "3"]
[White "Norowitz, Yaacov"]
[Black "Jimenez Almeida, Luis David"]
[Result "1/2-1/2"]
[WhiteElo "2402"]
[BlackElo "2208"]
[PlyCount "218"]
[EventDate "2024.02.27"]
[EventType "swiss (blitz)"]
[EventRounds "11"]
[EventCountry "USA"]
[SourceTitle "CB10_2024"]
[SourceDate "2024.03.06"]
[SourceVersion "1"]
[SourceVersionDate "2024.03.06"]
[SourceQuality "1"]

1. d4 g6 2. Nf3 Bg7 3. e3 Nf6 4. Be2 0-0 5. 0-0 b6 6. b3 Bb7 7. Bb2 Ne4 8. c4 e6 9. Qc2 d6 10. Rd1 Nd7 11. Nc3 Nxc3 12. Bxc3 Qe7 13. Rac1 a5 14. Ne1 e5 15. dxe5 Nxe5 16. Bxe5 Qxe5 17. Bf3 Bxf3 18. Nxf3 Qb2 19. Qxb2 Bxb2 20. Rc2 Bf6 21. Ne1 Rfe8 22. Nd3 a4 23. b4 Re4 24. a3 g5 25. h3 Kg7 26. g4 h5 27. gxh5 Rh8 28. Kg2 Rxh5 29. Rh1 Reh4 30. f3 Rh8 31. Nf2 Re8 32. e4 Rhh8 33. Ng4 Bd4 34. Rd1 c5 35. Rb1 Kg6 36. bxc5 bxc5 37. Rb6 Re6 38. Re2 f5 39. exf5+ Kxf5 40. Rxe6 Kxe6 41. Kg3 Bc3 42. Ra6 Rb8 43. Rxa4 Rb2 44. f4 Be1+ 45. Kf3 gxf4 46. Kxf4 Rb3 47. Ra8 Kd7 48. Ra7+ Kc6 49. Nf6 Rc3 50. Ra6+ Kb7 51. Ra4 Rxh3 52. Ne4 Rb3 53. Nxd6+ Kc6 54. Ra6+ Kd7 55. Ne4 Rb1 56. Nxc5+ Kc7 57. Nd3 Bc3 58. Ke4 Rh1 59. Rg6 Ra1 60. Ra6 Kb7 61. Ra4 Rh1 62. Nf4 Bd2 63. Nd5 Kc6 64. Kd3 Bc1 65. Ra6+ Kc5 66. Ra5+ Kc6 67. Nb4+ Kb7 68. Rb5+ Kc7 69. a4 Rh3+ 70. Ke4 Rh4+ 71. Kd3 Rh3+ 72. Kc2 Be3 73. Nd5+ Kc6 74. Rb3 Rh2+ 75. Kd3 Bc5 76. Rb5 Rh3+ 77. Kc2 Rh2+ 78. Kd1 Rh1+ 79. Ke2 Rh2+ 80. Kf3 Rh3+ 81. Kg4 Rh1 82. Ra5 Rc1 83. Ra6+ Kb7 84. Ra5 Rxc4+ 85. Kf5 Ba7 86. Ke6 Rc5 87. Rb5+ Rxb5 88. axb5 Bg1 89. Kf5 Bh2 90. Ke4 Bg1 91. Kd3 Bh2 92. Kc4 Bg1 93. Nc3 Bf2 94. Ne2 Bh4 95. Nf4 Bd8 96. Ne6 Be7 97. Nd4 Bh4 98. Nf5 Bf2 99. Nd6+ Kb6 100. Ne4 Bg1 101. Nc3 Kb7 102. Kd5 Bf2 103. Ne4 Bg1 104. Nd6+ Kb6 105. Kc4 Bf2 106. Nc8+ Kb7 107. Ne7 Bg1 108. Nf5 Bf2 109. Nd6+ Kb6 1/2-1/2

[Event "Titled Tuesday intern op 06th Feb Early"]
[Site "Chess.com INT"]
[Date "2024.02.06"]
[Round "2"]
[White "Jimenez Almeida, Luis David"]
[Black "Mgeladze, Tamaz"]
[Result "0-1"]
[WhiteElo "2208"]
[BlackElo "2388"]
[PlyCount "132"]
[EventDate "2024.02.06"]
[EventType "swiss (blitz)"]
[EventRounds "11"]
[EventCountry "USA"]
[SourceTitle "CB07_2024"]
[SourceDate "2024.02.14"]
[SourceVersion "1"]
[SourceVersionDate "2024.02.14"]
[SourceQuality "1"]

1. e4 c5 2. Nc3 g6 3. g3 Bg7 4. Bg2 Nc6 5. d3 Nf6 6. Be3 d6 7. h3 0-0 8. Qd2 Rb8 9. a4 a6 10. Nge2 b5 11. axb5 axb5 12. Bh6 b4 13. Nd1 Bb7 14. 0-0 Ra8 15. Bxg7 Rxa1 16. Bxf8 Qxf8 17. Ne3 Qa8 18. c3 Rxf1+ 19. Bxf1 Qa1 20. Kh2 Qb1 21. f4 bxc3 22. bxc3 Ba6 23. c4 Bb7 24. Bg2 Nd7 25. h4 Nb4 26. Nc1 h5 27. g4 Nf6 28. g5 Ne8 29. f5 Nc7 30. fxg6 fxg6 31. Bh3 Qa1 32. Ne2 Qe5+ 33. Kg2 Bxe4+ 34. dxe4 Qxe4+ 35. Kh2 Nd3 36. Ng3 Qd4 37. Nd5 Nxd5 38. Be6+ Kg7 39. Bxd5 Qxh4+ 40. Kg2 Nf4+ 41. Kf3 Qg4+ 42. Kf2 Nh3+ 43. Kg2 Nxg5 44. Qc3+ Kh7 45. Qe3 e5 46. Qb3 h4 47. Qb7+ Kh6 48. Qb8 Qxg3+ 49. Kf1 Qf4+ 50. Ke2 e4 51. Qh8+ Nh7 52. Bg8 Qf3+ 53. Ke1 Qe3+ 54. Kf1 Qf4+ 55. Ke1 Qc1+ 56. Ke2 Qc2+ 57. Ke3 Qd3+ 58. Kf2 e3+ 59. Kg1 Qd1+ 60. Kg2 Qg4+ 61. Kh2 Qf4+ 62. Kh1 Qe4+ 63. Kh2 e2 64. Qxh7+ Kg5 65. Bd5 Qe5+ 66. Kh3 e1Q 0-1

[Event "Titled Tuesday intern op 09th Jan Early"]
[Site "Chess.com INT"]
[Date "2024.01.09"]
[Round "6"]
[White "Jimenez Almeida, Luis David"]
[Black "Llari, Marc"]
[Result "1/2-1/2"]
[WhiteElo "2208"]
[BlackElo "2066"]
[PlyCount "158"]
[EventDate "2024.01.09"]
[EventType "swiss (blitz)"]
[EventRounds "11"]
[EventCountry "USA"]
[SourceTitle "CB03_2024"]
[SourceDate "2024.01.17"]
[SourceVersion "1"]
[SourceVersionDate "2024.01.17"]
[SourceQuality "1"]

1. e4 e6 2. d4 d5 3. e5 c5 4. c3 Nc6 5. Nf3 Qb6 6. a3 c4 7. Nbd2 Na5 8. Rb1 Bd7 9. g3 Rc8 10. h4 Qc6 11. Bh3 Qa4 12. Qe2 Qc2 13. 0-0 Nb3 14. Ne1 Nxc1 15. Qe3 Qd1 16. Nef3 Qe2 17. Rbxc1 Qxe3 18. fxe3 Ne7 19. e4 dxe4 20. Nxe4 Nd5 21. Nfg5 Ne3 22. Rf3 Nf5 23. Rcf1 h6 24. Nxf7 Kxf7 25. g4 g6 26. gxf5 gxf5 27. Nf6 Bc6 28. d5 Bc5+ 29. Kh2 Bxd5 30. Nxd5 exd5 31. Rxf5+ Ke8 32. Rf7 Rd8 33. Rxb7 Rf8 34. Rxf8+ Kxf8 35. Kg3 d4 36. cxd4 Rxd4 37. Bf5 Be7 38. h5 Bh4+ 39. Kf3 Bg5 40. Bg6 Rf4+ 41. Kg3 a5 42. Ra7 Rd4 43. Rxa5 Bc1 44. Rb5 Rd2 45. a4 Rxb2 46. Rc5 Rb4 47. a5 Be3 48. Rc7 c3 49. Rxc3 Bf4+ 50. Kf3 Bxe5 51. Rc8+ Kg7 52. a6 Ra4 53. Rc6 Bd4 54. Ke2 Ra3 55. Kd2 Be3+ 56. Kc2 Bd4 57. Bd3 Bg1 58. Bc4 Be3 59. Rg6+ Kf8 60. Re6 Bd4 61. Rg6 Ke7 62. Bd3 Be3 63. Rg7+ Kd6 64. Rb7 Kc6 65. Rg7 Kb6 66. Rg6+ Ka7 67. Bc4 Bg5 68. Bd3 Ra5 69. Kb3 Rc5 70. Bc4 Rc7 71. Re6 Rg7 72. Kb4 Rc7 73. Kb5 Be3 74. Re5 Bf4 75. Rf5 Bg5 76. Re5 Re7 77. Rf5 Rc7 78. Rd5 Re7 79. Rf5 Rc7 1/2-1/2

[Event "Titled Tuesday intern op 09th Jan Early"]
[Site "Chess.com INT"]
[Date "2024.01.09"]
[Round "8"]
[White "Yagupov, Igor"]
[Black "Jimenez Almeida, Luis David"]
[Result "0-1"]
[WhiteElo "2290"]
[BlackElo "2208"]
[PlyCount "102"]
[EventDate "2024.01.09"]
[EventType "swiss (blitz)"]
[EventRounds "11"]
[EventCountry "USA"]
[SourceTitle "CB03_2024"]
[SourceDate "2024.01.17"]
[SourceVersion "1"]
[SourceVersionDate "2024.01.17"]
[SourceQuality "1"]

1. e4 b6 2. d4 e6 3. Nf3 d5 4. e5 c5 5. c3 Qd7 6. h4 h5 7. Bg5 Ne7 8. Na3 Nf5 9. Bb5 Nc6 10. Nc2 a6 11. Bd3 Be7 12. Bxf5 exf5 13. Bxe7 Nxe7 14. Qd2 Qb5 15. Na3 Qc6 16. 0-0 Be6 17. b4 0-0 18. Nc2 Rfe8 19. a4 Rac8 20. Rfc1 Qd7 21. a5 cxb4 22. Nxb4 Qb5 23. axb6 a5 24. Nd3 Qxb6 25. Rcb1 Qc7 26. Nc5 Rb8 27. Rxb8 Qxb8 28. Rxa5 Qb1+ 29. Qe1 Qc2 30. Ra1 Rb8 31. Qd2 Rb2 32. Qxc2 Rxc2 33. Ng5 Rxc3 34. Ncxe6 fxe6 35. Nxe6 Rd3 36. Ra8+ Kh7 37. Ng5+ Kh6 38. Ra6+ Ng6 39. Ne6 Rd1+ 40. Kh2 Nxh4 41. g3 Nf3+ 42. Kg2 Ne1+ 43. Kh3 g6 44. f4 Nf3 45. Kg2 Nxd4 46. Ng5 Rd2+ 47. Kf1 h4 48. Ra7 Kh5 49. gxh4 Kxh4 50. e6 Kg3 51. Ke1 Re2+ 0-1

[Event "Titled Tuesday intern op 12th Dec Early"]
[Site "Chess.com INT"]
[Date "2023.12.12"]
[Round "5"]
[White "Jimenez Almeida, Luis David"]
[Black "Xie, Bryan"]
[Result "0-1"]
[WhiteElo "2208"]
[BlackElo "2303"]
[PlyCount "86"]
[EventDate "2023.12.12"]
[EventType "swiss (blitz)"]
[EventRounds "11"]
[EventCountry "USA"]
[SourceTitle "CB51_2023"]
[SourceDate "2023.12.20"]
[SourceVersion "1"]
[SourceVersionDate "2023.12.20"]
[SourceQuality "1"]

1. e4 c5 2. Nc3 Nc6 3. g3 e6 4. Bg2 Nf6 5. Nge2 Be7 6. 0-0 0-0 7. d4 cxd4 8. Nxd4 Qc7 9. Be3 a6 10. Qe2 b5 11. a3 Bb7 12. h3 d6 13. Rae1 Rac8 14. f4 Nxd4 15. Bxd4 Nd7 16. f5 e5 17. Be3 d5 18. exd5 Bxa3 19. d6 Bxd6 20. Bxb7 Qxb7 21. f6 Nxf6 22. Rxf6 gxf6 23. Bh6 f5 24. Qh5 Qb6+ 25. Be3 Bc5 26. Nd5 Bxe3+ 27. Rxe3 Qd6 28. Qxf5 f6 29. Rd3 Rxc2 30. h4 Qc5+ 31. Kh1 Rc1+ 32. Kg2 Qc2+ 33. Kh3 Rh1+ 34. Kg4 Qe2+ 35. Rf3 Qc4+ 36. Rf4 exf4 37. Nxf4 Qf7 38. h5 Qg7+ 39. Kf3 Qb7+ 40. Kg4 Qg7+ 41. Kf3 Re8 42. Nd5 Rf1+ 43. Kg2 Rxf5 0-1

[Event "Titled Tuesday intern op 12th Dec Early"]
[Site "Chess.com INT"]
[Date "2023.12.12"]
[Round "6"]
[White "Onoprijchuk, Boris"]
[Black "Jimenez Almeida, Luis David"]
[Result "1-0"]
[WhiteElo "2385"]
[BlackElo "2208"]
[PlyCount "93"]
[EventDate "2023.12.12"]
[EventType "swiss (blitz)"]
[EventRounds "11"]
[EventCountry "USA"]
[SourceTitle "CB51_2023"]
[SourceDate "2023.12.20"]
[SourceVersion "1"]
[SourceVersionDate "2023.12.20"]
[SourceQuality "1"]

1. e4 e5 2. Nf3 Nc6 3. Bb5 a6 4. Ba4 Nf6 5. 0-0 b5 6. Bb3 Be7 7. d3 0-0 8. Nc3 Na5 9. Nxe5 Nxb3 10. axb3 d5 11. exd5 Nxd5 12. Nxd5 Qxd5 13. Qf3 Qxe5 14. Qxa8 Bd6 15. g3 Bh3 16. Qe4 Qh5 17. Bf4 Bxf1 18. Rxf1 Bxf4 19. Qxf4 Qe2 20. Qxc7 h5 21. h4 Re8 22. Qc6 Re6 23. Qc8+ Kh7 24. b4 Qg4 25. Qc7 Rf6 26. Qe7 Qd4 27. Qe4+ Qxe4 28. dxe4 Rd6 29. f3 Kg6 30. Rf2 f5 31. exf5+ Kxf5 32. Re2 Rd4 33. c3 Rd1+ 34. Kf2 Rh1 35. Rd2 Ke5 36. Ke3 Re1+ 37. Re2 Rb1 38. Kd3+ Kd5 39. f4 Rg1 40. Re5+ Kd6 41. Rg5 Rg2 42. Rxg7 Rxb2 43. Rg6+ Kd5 44. Rxa6 Rg2 45. Rg6 Rf2 46. Rg5+ Kc6 47. Ke3 1-0

[Event "Titled Tuesday intern op 12th Dec Early"]
[Site "Chess.com INT"]
[Date "2023.12.12"]
[Round "4"]
[White "Shuvalova, Polina"]
[Black "Jimenez Almeida, Luis David"]
[Result "1-0"]
[WhiteElo "2475"]
[BlackElo "2208"]
[PlyCount "109"]
[EventDate "2023.12.12"]
[EventType "swiss (blitz)"]
[EventRounds "11"]
[EventCountry "USA"]
[SourceTitle "CB51_2023"]
[SourceDate "2023.12.20"]
[SourceVersion "1"]
[SourceVersionDate "2023.12.20"]
[SourceQuality "1"]

1. e4 c5 2. Nf3 d6 3. Bb5+ Bd7 4. Bxd7+ Nxd7 5. 0-0 Ngf6 6. Qe2 e5 7. c3 Be7 8. d4 Qc7 9. d5 a6 10. c4 0-0 11. Nc3 g6 12. Bh6 Rfe8 13. h3 Rab8 14. a4 Bf8 15. Be3 Nh5 16. Nd2 Qd8 17. Rab1 a5 18. g3 Be7 19. h4 Ng7 20. Qd3 f5 21. f4 fxe4 22. Ndxe4 Nf5 23. Rbe1 Bxh4 24. gxh4 Qxh4 25. Re2 exf4 26. Bxf4 Ne5 27. Bxe5 Rxe5 28. Rg2 Rf8 29. Ng3 Nd4 30. Rxf8+ Kxf8 31. Nce4 Kg7 32. Rf2 Qg4 33. Kh2 h5 34. Nxd6 h4 35. Nge4 Nf5 36. Nxf5+ Rxf5 37. Rxf5 Qxf5 38. Qc3+ Kh7 39. Nf6+ Kh6 40. Qe3+ g5 41. Ne4 Kg6 42. b3 Qe5+ 43. Kh3 b6 44. Qd3 Qf5+ 45. Kg2 Qg4+ 46. Kh2 Qf4+ 47. Kg2 Qg4+ 48. Kf2 Qf4+ 49. Ke2 Kh6 50. Nf2 Qe5+ 51. Qe3 Qb2+ 52. Kf3 Qf6+ 53. Kg2 Qf5 54. Qf3 Qe5 55. Ng4+ 1-0

[Event "Titled Tuesday intern op 19th Sep Late"]
[Site "Chess.com INT"]
[Date "2023.09.19"]
[Round "5"]
[White "Dyachuk, Artem"]
[Black "Jimenez Almeida, Luis David"]
[Result "0-1"]
[WhiteElo "2236"]
[BlackElo "2208"]
[PlyCount "80"]
[EventDate "2023.09.19"]
[EventType "swiss (blitz)"]
[EventRounds "11"]
[EventCountry "USA"]
[SourceTitle "EXT 2024"]
[Source "ChessBase"]
[SourceDate "2023.10.10"]
[SourceVersion "1"]
[SourceVersionDate "2023.10.10"]
[SourceQuality "1"]

1. e4 c5 2. Nf3 e6 3. d4 cxd4 4. Nxd4 Nf6 5. Nc3 Nc6 6. Nxc6 bxc6 7. e5 Nd5 8. Ne4 f5 9. Nd6+ Bxd6 10. exd6 0-0 11. Be2 Ba6 12. 0-0 Bxe2 13. Qxe2 c5 14. c4 Nf6 15. b3 Qb6 16. Rd1 Ne4 17. Bb2 Rf7 18. Be5 Rc8 19. f3 Nf6 20. Qe3 h6 21. Rd2 a5 22. h3 Qc6 23. Qc3 Ra8 24. a3 Rff8 25. Rb1 Kh7 26. Kh2 Ne8 27. b4 axb4 28. axb4 cxb4 29. Rxb4 Rc8 30. Ra2 Nf6 31. Ra7 Ne8 32. Qd4 Rf7 33. Ra5 Nf6 34. Bxf6 Rxf6 35. c5 Ra8 36. Rb6 Qc8 37. Qa4 Qxc5 38. Rxa8 Qxb6 39. Qxd7 Rg6 40. Qf7 Qxd6+ 0-1

[Event "Titled Tuesday intern op 19th Sep Early"]
[Site "Chess.com INT"]
[Date "2023.09.19"]
[Round "2"]
[White "Goswami, Vedant"]
[Black "Jimenez Almeida, Luis David"]
[Result "1-0"]
[WhiteElo "2034"]
[BlackElo "2208"]
[PlyCount "55"]
[EventDate "2023.09.19"]
[EventType "swiss (blitz)"]
[EventRounds "11"]
[EventCountry "USA"]
[SourceTitle "EXT 2024"]
[Source "ChessBase"]
[SourceDate "2023.10.10"]
[SourceVersion "1"]
[SourceVersionDate "2023.10.10"]
[SourceQuality "1"]

1. d4 g6 2. Nc3 d5 3. Bf4 Nf6 4. Qd2 a6 5. Bh6 b5 6. a3 Bb7 7. f3 Nbd7 8. Nh3 Nb6 9. e3 Qd7 10. Be2 0-0-0 11. Bxf8 Rhxf8 12. Nf4 h5 13. b3 g5 14. Nd3 h4 15. Nc5 Qc6 16. a4 b4 17. Na2 a5 18. c3 bxc3 19. Qxc3 Nfd7 20. Qxa5 Nxc5 21. dxc5 Nd7 22. Rc1 h3 23. g3 d4 24. Nb4 Qe6 25. c6 Nb6 26. cxb7+ Kxb7 27. Qa6+ Kb8 28. Nc6+ 1-0

[Event "Titled Tuesday intern op 19th Sep Late"]
[Site "Chess.com INT"]
[Date "2023.09.19"]
[Round "7"]
[White "Jimenez Almeida, Luis David"]
[Black "Fiorito, Joaquin"]
[Result "1-0"]
[WhiteElo "2208"]
[BlackElo "2399"]
[PlyCount "103"]
[EventDate "2023.09.19"]
[EventType "swiss (blitz)"]
[EventRounds "11"]
[EventCountry "USA"]
[SourceTitle "EXT 2024"]
[Source "ChessBase"]
[SourceDate "2023.10.10"]
[SourceVersion "1"]
[SourceVersionDate "2023.10.10"]
[SourceQuality "1"]

1. e4 c6 2. Nc3 d5 3. Qf3 Nf6 4. e5 Nfd7 5. d4 e6 6. Nh3 Qb6 7. Ng5 f6 8. Nxe6 fxe5 9. dxe5 Nxe5 10. Qh5+ Nf7 11. Nxf8 Kxf8 12. Bd3 Nd7 13. 0-0 Nf6 14. Qh4 Bd7 15. b3 Kg8 16. Bb2 Qd8 17. Rae1 c5 18. h3 Rc8 19. Qg3 Qc7 20. Qf3 Bc6 21. Bf5 Rf8 22. Be6 d4 23. Nd5 Bxd5 24. Bxd5 Nxd5 25. Qxd5 b6 26. Bc1 Rd8 27. Qc4 h6 28. g3 Kh7 29. Bf4 Qd7 30. Qd3+ g6 31. Kh2 Rhe8 32. a4 Kg7 33. Qf3 g5 34. Bd2 Ne5 35. Qg2 Qf7 36. f4 gxf4 37. Bxf4 Qh5 38. g4 Qg6 39. Bxe5+ Kh7 40. Bg3 d3 41. cxd3 Rxd3 42. Rxe8 Qxe8 43. Qc2 Qe3 44. Qf2 Qxf2+ 45. Rxf2 Rxb3 46. Rf7+ Kg6 47. Rxa7 c4 48. Rc7 Rb4 49. Rc6+ Kg5 50. Bf2 Rxa4 51. Be3+ Kh4 52. Rxh6# 1-0

[Event "Titled Tuesday intern op 19th Sep Late"]
[Site "Chess.com INT"]
[Date "2023.09.19"]
[Round "9"]
[White "Jimenez Almeida, Luis David"]
[Black "Gubajdullin, Alexey"]
[Result "1-0"]
[WhiteElo "2208"]
[BlackElo "2253"]
[PlyCount "79"]
[EventDate "2023.09.19"]
[EventType "swiss (blitz)"]
[EventRounds "11"]
[EventCountry "USA"]
[SourceTitle "EXT 2024"]
[Source "ChessBase"]
[SourceDate "2023.10.10"]
[SourceVersion "1"]
[SourceVersionDate "2023.10.10"]
[SourceQuality "1"]

1. e4 g6 2. h4 h6 3. h5 g5 4. d4 d6 5. f4 gxf4 6. Bxf4 Nf6 7. Nc3 Nc6 8. Nf3 Bg4 9. d5 Ne5 10. Bxe5 dxe5 11. Bb5+ Bd7 12. Bxd7+ Nxd7 13. Qe2 c6 14. dxc6 bxc6 15. 0-0-0 Qc7 16. Qc4 Nb6 17. Qc5 e6 18. Nb5 Bxc5 19. Nxc7+ Ke7 20. Nxa8 Rxa8 21. Nxe5 Rc8 22. Rhf1 f6 23. Ng6+ Kf7 24. e5 f5 25. g4 Nd5 26. gxf5 exf5 27. Rxf5+ Ke6 28. Rf3 Be3+ 29. Kb1 Rb8 30. Rxd5 cxd5 31. Rxe3 Rb4 32. b3 Rg4 33. Rf3 d4 34. Rf6+ Kd5 35. e6 d3 36. cxd3 Kd4 37. Kb2 Rg2+ 38. Ka3 Kc3 39. e7 Rg5 40. Rc6+ 1-0

[Event "Titled Tuesday intern op 19th Sep Late"]
[Site "Chess.com INT"]
[Date "2023.09.19"]
[Round "8"]
[White "Martinez Ramirez, Lennis"]
[Black "Jimenez Almeida, Luis David"]
[Result "1-0"]
[WhiteElo "2464"]
[BlackElo "2208"]
[PlyCount "105"]
[EventDate "2023.09.19"]
[EventType "swiss (blitz)"]
[EventRounds "11"]
[EventCountry "USA"]
[SourceTitle "EXT 2024"]
[Source "ChessBase"]
[SourceDate "2023.10.10"]
[SourceVersion "1"]
[SourceVersionDate "2023.10.10"]
[SourceQuality "1"]

1. Nf3 g6 2. c4 Bg7 3. Nc3 d6 4. d4 f5 5. h4 Nf6 6. Bg5 h6 7. Bxf6 Bxf6 8. h5 g5 9. e3 Nc6 10. Bd3 e5 11. dxe5 Nxe5 12. Nxe5 Bxe5 13. Qc2 0-0 14. 0-0-0 Be6 15. g3 Qf6 16. f4 Bxc3 17. bxc3 g4 18. Rde1 Rae8 19. e4 fxe4 20. Rxe4 Bf7 21. Rhe1 Bxh5 22. Kb2 Bf7 23. Qh2 d5 24. Rxe8 Rxe8 25. Rxe8+ Bxe8 26. cxd5 Qb6+ 27. Kc2 Ba4+ 28. Kc1 Qe3+ 29. Qd2 Qxg3 30. Bc4 Qg1+ 31. Kb2 Qb6+ 32. Kc1 Qd6 33. Qe3 Bd7 34. Kd2 h5 35. Qe5 Qxe5 36. fxe5 Kg7 37. Ke3 h4 38. Kf4 g3 39. Bf1 Bb5 40. Bh3 Be2 41. a3 a5 42. Ke3 Bc4 43. Kd4 b5 44. Ke4 Kf8 45. Bg2 Ke7 46. Kf4 Be2 47. Bh3 Bc4 48. Ke4 Bb3 49. Bg2 Bd1 50. Kf4 Bb3 51. Be4 Bd1 52. Bh1 Bb3 53. Bf3 1-0

[Event "Titled Tuesday intern op 12th Sep Early"]
[Site "Chess.com INT"]
[Date "2023.09.12"]
[Round "10"]
[White "Jimenez Almeida, Luis David"]
[Black "Shevchuk, Olexandr"]
[Result "1-0"]
[WhiteElo "2208"]
[BlackElo "2093"]
[PlyCount "74"]
[EventDate "2023.09.12"]
[EventType "swiss (blitz)"]
[EventRounds "11"]
[EventCountry "USA"]
[SourceTitle "EXT 2024"]
[Source "ChessBase"]
[SourceDate "2023.10.10"]
[SourceVersion "1"]
[SourceVersionDate "2023.10.10"]
[SourceQuality "1"]

1. e4 c5 2. Nc3 e6 3. g3 Nc6 4. Bg2 g6 5. Nge2 Bg7 6. d3 Nge7 7. Be3 Nd4 8. Qd2 0-0 9. Nc1 Nec6 10. Nd1 Ne5 11. Bxd4 cxd4 12. f4 Nc6 13. 0-0 d6 14. Ne2 Qb6 15. a3 Bd7 16. g4 f5 17. h3 Rac8 18. Kh1 a5 19. b3 Na7 20. Nf2 a4 21. b4 Nb5 22. Ng3 Rc3 23. exf5 exf5 24. gxf5 gxf5 25. Nh5 Bc6 26. Rg1 Rf7 27. Kh2 Kf8 28. Rae1 Bxg2 29. Rxg2 Qc6 30. Nd1 Rxa3 31. Qe2 Qd7 32. Reg1 Qe7 33. Qf3 Ra2 34. Nxg7 Rxg7 35. Rxg7 Rxc2+ 36. R7g2 Rc3 37. Rg8+ Kf7 1-0

[Event "Titled Tuesday intern op 12th Sep Late"]
[Site "Chess.com INT"]
[Date "2023.09.12"]
[Round "1"]
[White "Makaraci, Tunahan"]
[Black "Jimenez Almeida, Luis David"]
[Result "1-0"]
[WhiteElo "2262"]
[BlackElo "2208"]
[PlyCount "143"]
[EventDate "2023.09.12"]
[EventType "swiss (blitz)"]
[EventRounds "11"]
[EventCountry "USA"]
[SourceTitle "EXT 2024"]
[Source "ChessBase"]
[SourceDate "2023.10.10"]
[SourceVersion "1"]
[SourceVersionDate "2023.10.10"]
[SourceQuality "1"]

1. e4 c5 2. c3 d5 3. exd5 Qxd5 4. d4 Nc6 5. Nf3 Bf5 6. Be3 Nf6 7. Na3 cxd4 8. Nxd4 Nxd4 9. Qxd4 Qxd4 10. Bxd4 e5 11. Bxe5 Bxa3 12. bxa3 0-0-0 13. Be2 Rhe8 14. Bxf6 gxf6 15. Rd1 Bd3 16. Rd2 Bc4 17. Rb2 Rd3 18. 0-0 Rxc3 19. Bxc4 Rxc4 20. Rd1 Kc7 21. Kf1 Re5 22. Rbd2 Re7 23. Rd6 Rc6 24. R6d5 b6 25. Rh5 Rc3 26. Rxh7 Rxa3 27. Rd2 b5 28. g3 a5 29. h4 b4 30. h5 a4 31. Rh8 b3 32. axb3 axb3 33. h6 Ra2 34. Rxa2 bxa2 35. Ra8 Re8 36. Rxa2 Rh8 37. Ra7+ Kd6 38. Rxf7 Ke6 39. Ra7 Rxh6 40. Kg2 Rh5 41. Kf3 Rb5 42. Ra6+ Kf7 43. Kg4 Rb4+ 44. f4 Rb5 45. Ra7+ Kg6 46. Kh4 Rh5+ 47. Kg4 Rb5 48. Ra8 f5+ 49. Kh4 Rb1 50. Ra6+ Kf7 51. Kg5 Rb3 52. Kxf5 Rxg3 53. Ra7+ Ke8 54. Kf6 Rf3 55. f5 Rf1 56. Ra8+ Kd7 57. Kg6 Ke7 58. Ra7+ Ke8 59. Kf6 Rf2 60. Ra8+ Kd7 61. Rf8 Rf1 62. Kg7 Rg1+ 63. Kf7 Rf1 64. f6 Rh1 65. Ra8 Rf1 66. Kg7 Rg1+ 67. Kf8 Rh1 68. Ra7+ Ke6 69. f7 Rg1 70. Ke8 Rb1 71. Ra6+ Ke5 72. f8Q 1-0